Media and communication research methods. An introduction to qualitative and quantitative approaches
Shranjeno v:
| Glavni avtor: | |
|---|---|
| Format: | Neznan |
| Jezik: | angleščina |
| Izdano: |
Los Angeles, CA., USA.
SAGE Publications,
2020
|
| Izdaja: | Fifth edition |
| Teme: | |
| Oznake: |
Označite
Brez oznak, prvi označite!
|
MARC
| LEADER | 00000 a2200000 4500 | ||
|---|---|---|---|
| 003 | CL-VaPUC | ||
| 005 | 20211108102011.0 | ||
| 008 | 210527b ||||| |||| 00| 0 eng d | ||
| 999 | |c 432590 |d 432588 | ||
| 020 | |a 9781544332680 | ||
| 040 | |c Pontificia Universidad Católica de Valparaíso | ||
| 082 | |a 302.23072 BER 2020 | ||
| 100 | |a Berger, Arthur Asa |9 859737 | ||
| 245 | |a Media and communication research methods. |b An introduction to qualitative and quantitative approaches | ||
| 250 | |a Fifth edition | ||
| 260 | |a Los Angeles, CA., USA. |b SAGE Publications, |c 2020 | ||
| 300 | |a 463 páginas | ||
| 583 | |k Cristina Rojas |c 20210528 | ||
| 650 | 0 | |9 257206 |a Medios de comunicación |x Investigación |x Metodología | |
| 650 | 0 | |9 257251 |a Comunicación |x Investigación |x Metodología | |
| 942 | |2 ddc |c BK | ||
| 952 | |0 0 |1 0 |2 ddc |4 0 |6 302_230720000000000_BER_2020 |7 0 |8 A |9 577922 |a BIBCUR |b BIBCUR |d 2021-05-27 |e 1 |g 93761.00 |i 5583632 |o 302.23072 BER 2020 |p 5583632 |r 2025-04-22 |t 1 |v 93761.00 |w 2021-05-27 |y BK |k PER | ||